[Event "Guzinsky Memorial 6th"]
[Site "Lazy"]
[Date "2013.03.29"]
[Round "3"]
[White "Gralka, Julian"]
[Black "Suliborski, Jakub"]
[Result "1/2-1/2"]
[WhiteElo "2240"]
[BlackElo "2003"]
[PlyCount "50"]
[EventDate "2013.03.28"]
[EventType "swiss"]
[EventRounds "9"]
[EventCountry "POL"]
[SourceTitle "EXT 2014"]
[Source "ChessBase"]
[SourceDate "2013.11.20"]
[SourceVersion "1"]
[SourceVersionDate "2013.11.20"]
[SourceQuality "1"]

1. d4 d5 2. c4 c6 3. Nf3 Nf6 4. Nc3 a6 5. e3 b5 6. b3 g6 7. Bd3 Bg7 8. 0-0 0-0 9. Bb2 Bf5 10. a4 b4 11. Ne2 Bxd3 12. Qxd3 Ne4 13. cxd5 cxd5 14. Rac1 Nc6 15. Rc2 Qd6 16. Rfc1 Rfc8 17. Ne5 Na7 18. f3 Nf6 19. Nf4 e6 20. Rxc8+ Rxc8 21. Rxc8+ Nxc8 22. Qc2 Ne7 23. Nfd3 Ne8 24. Qc5 Qxc5 25. Nxc5 Nc7 1/2-1/2

[Event "Guzinsky Memorial 6th"]
[Site "Lazy"]
[Date "2013.03.28"]
[Round "8"]
[White "Adamowicz, Maciej"]
[Black "Gralka, Julian"]
[Result "0-1"]
[WhiteElo "2046"]
[BlackElo "2240"]
[PlyCount "46"]
[EventDate "2013.03.28"]
[EventType "swiss"]
[EventRounds "9"]
[EventCountry "POL"]
[SourceTitle "EXT 2014"]
[Source "ChessBase"]
[SourceDate "2013.11.20"]
[SourceVersion "1"]
[SourceVersionDate "2013.11.20"]
[SourceQuality "1"]

1. c4 e6 2. Nf3 Nf6 3. g3 d5 4. Bg2 Be7 5. 0-0 0-0 6. b3 b6 7. Bb2 Bb7 8. e3 c5 9. Nc3 dxc4 10. bxc4 Nc6 11. Qe2 Rc8 12. Rfd1 Qc7 13. Rac1 a6 14. Na4 Na5 15. Bc3 Bc6 16. Nb2 b5 17. d4 cxd4 18. exd4 Nxc4 19. Nxc4 bxc4 20. Qxc4 Bd5 21. Qe2 Qc4 22. Bf1 Qxe2 23. Bxe2 Ba3 0-1

[Event "POL-chT 2nd League"]
[Site "Lazy"]
[Date "2012.09.08"]
[Round "8"]
[White "Gralka, Julian"]
[Black "Sygulski, Boguslaw"]
[Result "1/2-1/2"]
[WhiteElo "2231"]
[BlackElo "2254"]
[PlyCount "65"]
[EventDate "2012.09.01"]
[EventType "team-swiss"]
[EventRounds "9"]
[EventCountry "POL"]
[SourceTitle "EXT 2019"]
[Source "ChessBase"]
[SourceDate "2018.10.10"]
[SourceVersion "1"]
[SourceVersionDate "2018.10.10"]
[SourceQuality "1"]
[WhiteTeam "Bydgoszcz Chemik"]
[BlackTeam "Pilzno GKSz Hetman"]
[WhiteTeamCountry "POL"]
[BlackTeamCountry "POL"]

1. d4 d5 2. c4 dxc4 3. Nf3 Nf6 4. e3 e6 5. Bxc4 a6 6. 0-0 c5 7. dxc5 Qxd1 8. Rxd1 Bxc5 9. a3 b5 10. Be2 Bb7 11. b4 Be7 12. Bb2 Nbd7 13. Nbd2 0-0 14. Rac1 Rac8 15. Rxc8 Rxc8 16. Rc1 Rxc1+ 17. Bxc1 Kf8 18. Bb2 Bd6 19. Bd3 g6 20. h3 h5 21. Kf1 Ke7 22. Ke2 Bc7 23. Bc2 Nb6 24. g3 Nfd7 25. Ba1 Bd5 26. Bb2 Nc4 27. Nxc4 Bxc4+ 28. Ke1 Bd5 29. Ke2 Nb6 30. Bd4 Nd7 31. Bb2 Nb6 32. Bd4 Nd7 33. Bb2 1/2-1/2

[Event "POL-chT 2nd League"]
[Site "Lazy"]
[Date "2012.09.03"]
[Round "3"]
[White "Muc, Marcin"]
[Black "Gralka, Julian"]
[Result "1/2-1/2"]
[WhiteElo "2165"]
[BlackElo "2231"]
[PlyCount "60"]
[EventDate "2012.09.01"]
[EventType "team-swiss"]
[EventRounds "9"]
[EventCountry "POL"]
[SourceTitle "EXT 2019"]
[Source "ChessBase"]
[SourceDate "2018.10.10"]
[SourceVersion "1"]
[SourceVersionDate "2018.10.10"]
[SourceQuality "1"]
[WhiteTeam "Przemysl MKS Polonia"]
[BlackTeam "Bydgoszcz Chemik"]
[WhiteTeamCountry "POL"]
[BlackTeamCountry "POL"]

1. d4 Nf6 2. c4 e6 3. g3 d5 4. Bg2 Be7 5. Nf3 0-0 6. 0-0 Nbd7 7. Nfd2 c5 8. cxd5 exd5 9. dxc5 Nxc5 10. Nb3 Nce4 11. Be3 Be6 12. Bd4 Rc8 13. N1d2 a6 14. Rc1 Qd7 15. Nf3 Rxc1 16. Nxc1 Rc8 17. Nd3 Qc7 18. Qb1 Qc2 19. Qxc2 Rxc2 20. Rc1 Rxc1+ 21. Nxc1 Nd7 22. Nd3 Bd6 23. Nfe5 f6 24. Nxd7 Bxd7 25. Kf1 Kf7 26. Ke1 Bc6 27. Kd1 Ke7 28. Kc2 Kd7 29. Bh3+ Ke7 30. Bg2 Kd8 1/2-1/2

[Event "POL-chT 2nd League"]
[Site "Lazy"]
[Date "2012.09.01"]
[Round "1"]
[White "Brzezinski, Mateusz"]
[Black "Gralka, Julian"]
[Result "0-1"]
[WhiteElo "2108"]
[BlackElo "2231"]
[PlyCount "50"]
[EventDate "2012.09.01"]
[EventType "team-swiss"]
[EventRounds "9"]
[EventCountry "POL"]
[SourceTitle "EXT 2019"]
[Source "ChessBase"]
[SourceDate "2018.10.10"]
[SourceVersion "1"]
[SourceVersionDate "2018.10.10"]
[SourceQuality "1"]
[WhiteTeam "Bydgoszcz Hetman"]
[BlackTeam "Bydgoszcz Chemik"]
[WhiteTeamCountry "POL"]
[BlackTeamCountry "POL"]

1. c4 e6 2. Nf3 Nf6 3. g3 d5 4. Bg2 Be7 5. d4 0-0 6. Nc3 c6 7. 0-0 Nbd7 8. Qc2 b6 9. Rd1 Bb7 10. b3 Rc8 11. e4 c5 12. dxc5 dxc4 13. b4 bxc5 14. b5 Qc7 15. Bf4 e5 16. Bc1 Rcd8 17. a4 Rfe8 18. Nd2 Nf8 19. Bh3 Rd4 20. b6 Qxb6 21. Rb1 Qc6 22. Nb5 c3 23. Nxc3 Red8 24. Nb5 Rxe4 25. f3 Rb4 0-1

[Event "POL-chT 2nd League"]
[Site "Mrzezyno"]
[Date "2011.09.10"]
[Round "8.49"]
[White "Gralka, Julian"]
[Black "Kalvaitis, Sigitas"]
[Result "1-0"]
[WhiteElo "2247"]
[BlackElo "2273"]
[PlyCount "49"]
[EventDate "2011.09.03"]
[EventType "team-swiss"]
[EventRounds "9"]
[EventCountry "POL"]
[SourceTitle "EXT 2019"]
[Source "ChessBase"]
[SourceDate "2018.10.10"]
[SourceVersion "1"]
[SourceVersionDate "2018.10.10"]
[SourceQuality "1"]
[WhiteTeam "Bydgoszcz Chemik"]
[BlackTeam "Wroclaw AZS Politechnika"]
[WhiteTeamCountry "POL"]
[BlackTeamCountry "POL"]

1. d4 Nf6 2. c4 e6 3. Nf3 d5 4. Nc3 Be7 5. Bg5 0-0 6. e3 Nbd7 7. Rc1 c6 8. Bd3 b6 9. cxd5 exd5 10. 0-0 Bb7 11. Qe2 c5 12. Rfd1 c4 13. Bf5 g6 14. Bh3 Re8 15. Ne5 Nf8 16. Qf3 Rb8 17. b3 cxb3 18. axb3 a6 19. Na4 Qd6 20. Bf4 Qa3 21. Nxb6 Qb4 22. Nbd7 Rbd8 23. Nxf6+ Bxf6 24. Nd3 Qb5 25. Bc7 1-0

[Event "POL-chT 2nd League"]
[Site "Mrzezyno"]
[Date "2011.09.03"]
[Round "1"]
[White "Nurkiewicz, Maciej"]
[Black "Gralka, Julian"]
[Result "0-1"]
[WhiteElo "2399"]
[BlackElo "2247"]
[PlyCount "100"]
[EventDate "2011.09.03"]
[EventType "team-swiss"]
[EventRounds "9"]
[EventCountry "POL"]
[SourceTitle "EXT 2015"]
[Source "ChessBase"]
[SourceDate "2014.11.20"]
[SourceVersion "1"]
[SourceVersionDate "2014.11.20"]
[SourceQuality "1"]
[WhiteTeam "Miedzyborow Wrzos"]
[BlackTeam "Bydgoszcz Chemik"]
[WhiteTeamCountry "POL"]
[BlackTeamCountry "POL"]

1. e4 c6 2. d4 d5 3. Nc3 dxe4 4. Nxe4 Nd7 5. Nf3 Ngf6 6. Ng3 e6 7. Bd3 c5 8. 0-0 cxd4 9. Nxd4 Bc5 10. Nb3 Be7 11. Re1 0-0 12. Qf3 Nc5 13. Nxc5 Bxc5 14. Bg5 Qd5 15. Qf4 Qd4 16. Qxd4 Bxd4 17. c3 h6 18. Bf4 Nd5 19. Bd2 Bc5 20. Rad1 Bd7 21. Be4 Bc6 22. c4 Nf6 23. Bxc6 bxc6 24. Bc3 Rfd8 25. b4 Be7 26. Kf1 Kf8 27. Ke2 Ke8 28. f3 a6 29. Rxd8+ Rxd8 30. Rb1 g6 31. Rb3 Rb8 32. Kd3 Nd7 33. Ne2 a5 34. Bd4 axb4 35. g4 Ra8 36. Nc1 c5 37. Bb2 Nb6 38. a3 Rd8+ 39. Kc2 Nxc4 40. axb4 Rd2+ 41. Kc3 Rxb2 42. Rxb2 Nxb2 43. Kxb2 cxb4 44. Nd3 Bd6 45. h3 Ke7 46. Kb3 Kf6 47. h4 h5 48. gxh5 gxh5 49. Kc4 Kf5 50. Kd4 Be7 0-1

[Event "Polanica Zdroj op-B 47th"]
[Site "Polanica Zdroj"]
[Date "2011.??.??"]
[Round "6"]
[White "Gralka, Julian"]
[Black "Olejarczyk, Bogdan"]
[Result "0-1"]
[WhiteElo "2282"]
[BlackElo "2137"]
[PlyCount "156"]
[EventDate "2011.08.18"]
[EventType "swiss"]
[EventRounds "9"]
[EventCountry "POL"]
[SourceTitle "CBM 144 Extra"]
[Source "ChessBase"]
[SourceDate "2011.10.28"]
[SourceVersion "1"]
[SourceVersionDate "2011.10.28"]
[SourceQuality "1"]

1. d4 d5 2. c4 c6 3. Nf3 Nf6 4. Nc3 a6 5. e3 b5 6. b3 Bg4 7. Be2 e6 8. 0-0 Nbd7 9. Bb2 bxc4 10. bxc4 Rb8 11. Rb1 Qa5 12. Ba1 Bb4 13. Qc2 0-0 14. c5 Bf5 15. Bd3 Bxd3 16. Qxd3 Bxc3 17. Bxc3 Qa3 18. Nd2 Rb5 19. Rb3 Qa4 20. Ba1 Rxb3 21. axb3 Qb5 22. Qxb5 axb5 23. Bc3 Ra8 24. Ra1 Rxa1+ 25. Bxa1 Ne4 26. Nf1 f5 27. f3 Nef6 28. Bc3 Kf7 29. Kf2 Ke7 30. Nd2 Ne8 31. b4 Ndf6 32. Ke2 g5 33. Nb3 h5 34. Be1 Kd7 35. Nc1 Ke7 36. Nd3 Nd7 37. Bg3 Kf7 38. h4 g4 39. Be5 Nef6 40. Kf2 Nh7 41. Kg3 Nhf8 42. Kf4 Nh7 43. Bd6 Kf6 44. Kg3 Kf7 45. Bc7 Nhf8 46. Kf4 Nh7 47. Bd8 Ke8 48. Bc7 Ke7 49. Nf2 Kf6 50. e4 gxf3 51. gxf3 fxe4 52. fxe4 Nhf8 53. Bd8+ Kg6 54. Nd3 Kh6 55. Bg5+ Kg7 56. exd5 Ng6+ 57. Kf3 exd5 58. Nf4 Nxf4 59. Kxf4 Kg6 60. Bd8 Kf7 61. Kf5 Nf8 62. Bc7 Nd7 63. Be5 Ke7 64. Bf4 Kf7 65. Kg5 Ke6 66. Bd6 Nf6 67. Be5 Nd7 68. Bh8 Nb8 69. Kxh5 Kf7 70. Kg4 Na6 71. Kf3 Nxb4 72. Ke2 Kg6 73. Be5 Nc2 74. Kd3 Ne1+ 75. Kc3 Ng2 76. Bg3 Kh5 77. Kb4 Kg4 78. Bf2 Kf3 0-1

[Event "Polanica Zdroj op-E 46th"]
[Site "Polanica Zdroj"]
[Date "2010.08.26"]
[Round "8"]
[White "Gralka, Julian"]
[Black "Mirski, Jerzy"]
[Result "1-0"]
[WhiteElo "2287"]
[BlackElo "1848"]
[PlyCount "65"]
[EventDate "2010.08.19"]
[EventType "swiss"]
[EventRounds "10"]
[EventCountry "POL"]
[SourceTitle "CBM 138 Extra"]
[Source "ChessBase"]
[SourceDate "2010.10.29"]
[SourceVersion "1"]
[SourceVersionDate "2010.10.29"]
[SourceQuality "1"]

1. d4 d5 2. c4 e6 3. Nc3 Nf6 4. Bg5 c6 5. e3 Nbd7 6. Nf3 Qa5 7. Nd2 Bb4 8. Qc2 0-0 9. Be2 c5 10. 0-0 cxd4 11. Nb3 Qd8 12. exd4 dxc4 13. Bxc4 Be7 14. Rfe1 b6 15. d5 exd5 16. Nxd5 Re8 17. Nc7 h6 18. Bh4 Bb7 19. Nxe8 Qxe8 20. Nd4 Qf8 21. Nf5 Bb4 22. Re3 Rc8 23. Qe2 Qc5 24. Ne7+ Kf8 25. Nxc8 Qxc8 26. Rd1 Bc5 27. Red3 Be4 28. Rxd7 Nxd7 29. Qxe4 Nf6 30. Qd3 Qg4 31. h3 Qe4 32. Qxe4 Nxe4 33. Kf1 1-0

[Event "Polanica Zdroj op-E 46th"]
[Site "Polanica Zdroj"]
[Date "2010.08.25"]
[Round "7"]
[White "Szczepaniec, Stanislaw"]
[Black "Gralka, Julian"]
[Result "1/2-1/2"]
[WhiteElo "2077"]
[BlackElo "2287"]
[PlyCount "119"]
[EventDate "2010.08.19"]
[EventType "swiss"]
[EventRounds "10"]
[EventCountry "POL"]
[SourceTitle "CBM 138 Extra"]
[Source "ChessBase"]
[SourceDate "2010.10.29"]
[SourceVersion "1"]
[SourceVersionDate "2010.10.29"]
[SourceQuality "1"]

1. c4 e6 2. Nf3 d5 3. g3 Nf6 4. Bg2 Be7 5. 0-0 0-0 6. d4 Nbd7 7. Qc2 c6 8. Rd1 b6 9. b3 Bb7 10. Nc3 Rc8 11. e4 c5 12. exd5 exd5 13. Bb2 dxc4 14. d5 Ne8 15. Nb5 Ra8 16. d6 Bf6 17. Ng5 Bxg5 18. Bxb7 Rb8 19. Be4 Bf6 20. Nxa7 Bxb2 21. Qxb2 Qf6 22. Qd2 c3 23. Qd5 b5 24. Qc6 Rd8 25. Nxb5 h5 26. Rac1 h4 27. Rxc3 hxg3 28. hxg3 g6 29. Rf3 Qg5 30. Rc3 Nef6 31. Bg2 Rfe8 32. Qf3 Ng4 33. Nc7 Re5 34. Rd5 Re1+ 35. Bf1 Rxf1+ 36. Kxf1 Nh2+ 37. Ke2 Nxf3 38. Rxg5 Nxg5 39. a4 Ne6 40. a5 Nxc7 41. dxc7 Rc8 42. b4 cxb4 43. Rc6 b3 44. Kd2 Ne5 45. Rc3 Kf8 46. f4 Nd7 47. a6 Ke7 48. Rc6 Nf8 49. a7 Kd7 50. Rc3 Ne6 51. Rxb3 Nxc7 52. Rb8 Na8 53. Kd3 Kc7 54. Kd4 Nb6 55. Rxc8+ Kxc8 56. Ke5 Kd7 57. Kf6 Ke8 58. g4 Kf8 59. f5 gxf5 60. Kxf5 1/2-1/2

[Event "Polanica Zdroj op-E 46th"]
[Site "Polanica Zdroj"]
[Date "2010.08.23"]
[Round "5"]
[White "Gralka, Julian"]
[Black "Gigon, Stanislaw"]
[Result "1-0"]
[WhiteElo "2287"]
[BlackElo "1904"]
[PlyCount "70"]
[EventDate "2010.08.19"]
[EventType "swiss"]
[EventRounds "10"]
[EventCountry "POL"]
[SourceTitle "CBM 138 Extra"]
[Source "ChessBase"]
[SourceDate "2010.10.29"]
[SourceVersion "1"]
[SourceVersionDate "2010.10.29"]
[SourceQuality "1"]

1. d4 Nf6 2. c4 d6 3. Nc3 Nbd7 4. e4 e5 5. Nf3 c6 6. Be2 Be7 7. 0-0 0-0 8. Qc2 Re8 9. Rd1 Qc7 10. Be3 Nf8 11. d5 c5 12. a3 Bg4 13. h3 Bh5 14. b4 b6 15. bxc5 bxc5 16. Rab1 Reb8 17. Qa4 a6 18. Rxb8 Qxb8 19. Rb1 Qc7 20. Nd2 Bxe2 21. Nxe2 N8d7 22. Nc3 Ra7 23. Qc6 Bd8 24. Qa4 Qa5 25. Rb3 Qxa4 26. Nxa4 Kf8 27. Kf1 Ke7 28. Ke2 Ba5 29. Kd3 Kd8 30. Nf3 Ke7 31. Nh4 g6 32. g4 Ra8 33. f4 exf4 34. Bxf4 Rb8 35. Rxb8 Nxb8 1-0

[Event "POL-chT 2nd League"]
[Site "Miedzyzdroje"]
[Date "2009.09.20"]
[Round "9"]
[White "Mulet, Piotr"]
[Black "Gralka, Julian"]
[Result "1/2-1/2"]
[WhiteElo "2335"]
[BlackElo "2286"]
[PlyCount "78"]
[EventDate "2009.09.12"]
[EventType "team-swiss"]
[EventRounds "9"]
[EventCountry "POL"]
[SourceTitle "EXT 2019"]
[Source "ChessBase"]
[SourceDate "2018.10.10"]
[SourceVersion "1"]
[SourceVersionDate "2018.10.10"]
[SourceQuality "1"]
[WhiteTeam "Gliwice Roszada Sikornik"]
[BlackTeam "Bydgoszcz Chemik"]
[WhiteTeamCountry "POL"]
[BlackTeamCountry "POL"]

1. e4 c5 2. c3 Nf6 3. e5 Nd5 4. d4 cxd4 5. Nf3 Nc6 6. Bc4 Nb6 7. Bb3 d5 8. exd6 Qxd6 9. 0-0 Be6 10. Bxe6 Qxe6 11. Nxd4 Nxd4 12. Qxd4 Rd8 13. Qh4 h5 14. h3 Qc4 15. Qg3 h4 16. Qf3 Qd5 17. Nd2 Qxf3 18. Nxf3 e6 19. Be3 Be7 20. Bxb6 axb6 21. Rfd1 Rh5 22. Rxd8+ Bxd8 23. Rd1 Rf5 24. Kf1 g5 25. Rd4 Ra5 26. a3 Rc5 27. Re4 Bc7 28. Nd4 Kd7 29. Ke2 Re5 30. Rxe5 Bxe5 31. Kd3 Bxd4 32. Kxd4 Kd6 33. a4 f6 34. b4 e5+ 35. Kd3 Kd5 36. c4+ Kd6 37. f3 Kc6 38. Ke3 Kd6 39. Kf2 Ke6 1/2-1/2

[Event "POL-chT 2nd League"]
[Site "Miedzyzdroje"]
[Date "2009.09.18"]
[Round "7"]
[White "Gralka, Julian"]
[Black "Sadzikowski, Daniel"]
[Result "1/2-1/2"]
[WhiteElo "2286"]
[BlackElo "2264"]
[PlyCount "88"]
[EventDate "2009.09.12"]
[EventType "team-swiss"]
[EventRounds "9"]
[EventCountry "POL"]
[SourceTitle "EXT 2019"]
[Source "ChessBase"]
[SourceDate "2018.10.10"]
[SourceVersion "1"]
[SourceVersionDate "2018.10.10"]
[SourceQuality "1"]
[WhiteTeam "Bydgoszcz Chemik"]
[BlackTeam "Chrzanow UKS SP 8 U19"]
[WhiteTeamCountry "POL"]
[BlackTeamCountry "POL"]

1. d4 Nf6 2. c4 g6 3. Nc3 Bg7 4. e4 0-0 5. Nf3 d6 6. Be2 c5 7. d5 e6 8. 0-0 Re8 9. Nd2 a6 10. a4 e5 11. a5 Bh6 12. Qc2 Bg4 13. Bxg4 Nxg4 14. Ra3 Nd7 15. Ne2 Rb8 16. Nf3 Bxc1 17. Qxc1 Kg7 18. h3 Ngf6 19. Ng3 Ng8 20. Qd2 b5 21. axb6 Qxb6 22. b3 Rb7 23. Rfa1 Nb8 24. Ne1 h5 25. Nf3 Qd8 26. h4 f6 27. Qc2 Ree7 28. Nf1 Nh6 29. N1d2 Rf7 30. Nf1 Rb4 31. Ng3 Rfb7 32. Nd2 Qd7 33. Qd1 Qg4 34. Qxg4 hxg4 35. h5 f5 36. hxg6 Kxg6 37. exf5+ Nxf5 38. Nxf5 Kxf5 39. Re1 Rh7 40. Ne4 Rh6 41. Ng3+ Kg5 42. Ne4+ Kf5 43. Ng3+ Kg5 44. Ne4+ Kf5 1/2-1/2

[Event "POL-chT 2nd League"]
[Site "Miedzyzdroje"]
[Date "2009.09.16"]
[Round "5"]
[White "Nguyen, Piotr"]
[Black "Gralka, Julian"]
[Result "1/2-1/2"]
[WhiteElo "2360"]
[BlackElo "2286"]
[PlyCount "68"]
[EventDate "2009.09.12"]
[EventType "team-swiss"]
[EventRounds "9"]
[EventCountry "POL"]
[SourceTitle "EXT 2019"]
[Source "ChessBase"]
[SourceDate "2018.10.10"]
[SourceVersion "1"]
[SourceVersionDate "2018.10.10"]
[SourceQuality "1"]
[WhiteTeam "Milanowek UKS Jedwabnik"]
[BlackTeam "Bydgoszcz Chemik"]
[WhiteTeamCountry "POL"]
[BlackTeamCountry "POL"]

1. d4 Nf6 2. c4 e6 3. Nf3 d5 4. Nc3 Bb4 5. e3 0-0 6. Be2 c5 7. a3 Bxc3+ 8. bxc3 Nc6 9. 0-0 dxc4 10. Bxc4 Qc7 11. Qe2 e5 12. d5 Na5 13. Nd2 e4 14. Ba2 Qe5 15. f4 exf3 16. Nxf3 Qe7 17. c4 b6 18. Bb2 Ne4 19. Bb1 Bg4 20. Qd3 f5 21. Ne5 Bh5 22. Bc2 Nb7 23. Rf4 Nbd6 24. g4 g5 25. Nc6 Qe8 26. Rxe4 Nxe4 27. gxh5 Qxh5 28. Rf1 Qg4+ 29. Kh1 Ng3+ 30. hxg3 Qh3+ 31. Kg1 Qxg3+ 32. Kh1 Qh3+ 33. Kg1 Qg3+ 34. Kh1 Qh3+ 1/2-1/2

[Event "POL-chT 2nd League"]
[Site "Miedzyzdroje"]
[Date "2009.09.14"]
[Round "3"]
[White "Gralka, Julian"]
[Black "Grabarczyk, Bogdan"]
[Result "0-1"]
[WhiteElo "2286"]
[BlackElo "2423"]
[PlyCount "80"]
[EventDate "2009.09.12"]
[EventType "team-swiss"]
[EventRounds "9"]
[EventCountry "POL"]
[SourceTitle "EXT 2019"]
[Source "ChessBase"]
[SourceDate "2018.10.10"]
[SourceVersion "1"]
[SourceVersionDate "2018.10.10"]
[SourceQuality "1"]
[WhiteTeam "Bydgoszcz Chemik"]
[BlackTeam "Gostynin Gostmat 83"]
[WhiteTeamCountry "POL"]
[BlackTeamCountry "POL"]

1. d4 d5 2. c4 dxc4 3. Nf3 a6 4. e3 Nf6 5. Bxc4 b5 6. Bb3 Bb7 7. 0-0 e6 8. Qe2 Nbd7 9. a4 Qb8 10. Rd1 c5 11. axb5 axb5 12. Rxa8 Bxa8 13. dxc5 Nxc5 14. Bc2 Bd6 15. Nc3 b4 16. Nb5 Be7 17. Bd2 Nce4 18. Nbd4 0-0 19. Be1 Rc8 20. Bb1 e5 21. Nf5 Bf8 22. Nd2 Nc5 23. f3 Bb7 24. Bh4 Nd5 25. Ne4 g6 26. Nf6+ Nxf6 27. Bxf6 Re8 28. Ng3 Ba6 29. Qe1 Qb6 30. Bh4 Bh6 31. Nf1 Na4 32. Bf2 Nxb2 33. Rd5 Na4 34. e4 Qb7 35. Ne3 Nc3 36. Ra5 Rc8 37. Bc2 b3 38. Bxb3 Ne2+ 39. Kh1 Qxb3 40. Rxa6 Rc1 0-1

[Event "POL-chT 2nd League"]
[Site "Miedzyzdroje"]
[Date "2009.09.13"]
[Round "2"]
[White "Latas, Boguslaw"]
[Black "Gralka, Julian"]
[Result "1/2-1/2"]
[WhiteElo "2293"]
[BlackElo "2286"]
[PlyCount "23"]
[EventDate "2009.09.12"]
[EventType "team-swiss"]
[EventRounds "9"]
[EventCountry "POL"]
[SourceTitle "EXT 2019"]
[Source "ChessBase"]
[SourceDate "2018.10.10"]
[SourceVersion "1"]
[SourceVersionDate "2018.10.10"]
[SourceQuality "1"]
[WhiteTeam "Pawlowice GKS Pniowek 74"]
[BlackTeam "Bydgoszcz Chemik"]
[WhiteTeamCountry "POL"]
[BlackTeamCountry "POL"]

1. Nf3 Nf6 2. g3 g6 3. Bg2 Bg7 4. 0-0 0-0 5. c4 d6 6. Nc3 Nc6 7. d3 e5 8. Rb1 a5 9. a3 h6 10. b4 axb4 11. axb4 Be6 12. b5 1/2-1/2

[Event "Polanica Zdroj op Seniors 45th"]
[Site "Polanica Zdroj"]
[Date "2009.09.02"]
[Round "3"]
[White "Komysheva, Margarita"]
[Black "Gralka, Julian"]
[Result "1/2-1/2"]
[WhiteElo "2114"]
[BlackElo "2279"]
[PlyCount "84"]
[EventDate "2009.08.18"]
[EventType "swiss"]
[EventRounds "9"]
[EventCountry "POL"]
[SourceTitle "EXT 2012"]
[Source "ChessBase"]
[SourceDate "2011.11.24"]
[SourceVersion "1"]
[SourceVersionDate "2011.11.24"]
[SourceQuality "1"]

1. e4 c6 2. d4 d5 3. e5 c5 4. dxc5 Nc6 5. Bb5 e6 6. Be3 Nge7 7. c3 Bd7 8. Bxc6 Nxc6 9. f4 g5 10. Nh3 gxf4 11. Nxf4 Qc7 12. Qh5 Bg7 13. 0-0 Qxe5 14. Qxe5 Bxe5 15. Nd2 0-0-0 16. Nd3 f6 17. Nxe5 fxe5 18. Bg5 Rdf8 19. Rf6 Rxf6 20. Bxf6 Rf8 21. Rf1 e4 22. Bg7 Rg8 23. Rf8+ Rxf8 24. Bxf8 Ne5 25. b3 Nd3 26. Bh6 Nxc5 27. Kf2 Bc6 28. Ke3 e5 29. Bg7 Nd3 30. g4 Kd7 31. a3 Ke6 32. Nf3 Be8 33. Ng5+ Ke7 34. h3 a5 35. Nxh7 a4 36. bxa4 Kf7 37. Bh8 Bxa4 38. Ng5+ Ke7 39. Bg7 Be8 40. c4 dxc4 41. Nxe4 b5 42. Nc3 Kd7 1/2-1/2

[Event "Polanica Zdroj op Seniors 45th"]
[Site "Polanica Zdroj"]
[Date "2009.08.25"]
[Round "8"]
[White "Gralka, Julian"]
[Black "Cybulski, Ryszard"]
[Result "1-0"]
[WhiteElo "2279"]
[BlackElo "1931"]
[PlyCount "51"]
[EventDate "2009.08.18"]
[EventType "swiss"]
[EventRounds "9"]
[EventCountry "POL"]
[SourceTitle "EXT 2012"]
[Source "ChessBase"]
[SourceDate "2011.11.24"]
[SourceVersion "1"]
[SourceVersionDate "2011.11.24"]
[SourceQuality "1"]

1. d4 Nf6 2. c4 e6 3. Nf3 b6 4. g3 Bb7 5. Bg2 Bb4+ 6. Bd2 Nc6 7. 0-0 Bxd2 8. Qxd2 Ne4 9. Qc2 f5 10. Nc3 Ne7 11. Rfd1 d5 12. Ne5 0-0 13. Rac1 Rc8 14. b4 Nxc3 15. Qxc3 f4 16. c5 fxg3 17. hxg3 c6 18. Bf3 Rf6 19. Kg2 Ng6 20. Ng4 Rf7 21. Rh1 Qg5 22. Rh5 Qe7 23. Rch1 Nf8 24. Qd3 Rf5 25. Rxf5 exf5 26. Qxf5 1-0

[Event "Polanica Zdroj op Seniors 45th"]
[Site "Polanica Zdroj"]
[Date "2009.08.19"]
[Round "2"]
[White "Gralka, Julian"]
[Black "Rychlik, Bogdan"]
[Result "1-0"]
[WhiteElo "2279"]
[BlackElo "1939"]
[PlyCount "79"]
[EventDate "2009.08.18"]
[EventType "swiss"]
[EventRounds "9"]
[EventCountry "POL"]
[SourceTitle "EXT 2012"]
[Source "ChessBase"]
[SourceDate "2011.11.24"]
[SourceVersion "1"]
[SourceVersionDate "2011.11.24"]
[SourceQuality "1"]

1. d4 d5 2. c4 e6 3. Nc3 Nf6 4. Bg5 Be7 5. e3 h6 6. Bxf6 Bxf6 7. Nf3 Nd7 8. cxd5 exd5 9. Nxd5 c6 10. Nxf6+ Nxf6 11. Bc4 0-0 12. Ne5 Qa5+ 13. Qd2 Qxd2+ 14. Kxd2 Ne4+ 15. Ke2 Nd6 16. Bb3 Bf5 17. Rac1 Rad8 18. f3 Rfe8 19. Kf2 Re7 20. g4 Be6 21. Bxe6 Rxe6 22. Rhe1 g5 23. Rc5 Kg7 24. a4 f6 25. Nd3 Kg6 26. Rec1 Rh8 27. h4 h5 28. hxg5 fxg5 29. Ne5+ Kf6 30. gxh5 Rxh5 31. Ng4+ Kg6 32. d5 cxd5 33. Rxd5 Ne8 34. Rcc5 Nf6 35. Nxf6 Kxf6 36. Rf5+ Kg6 37. f4 Rh2+ 38. Kg3 Rxb2 39. Rxg5+ Kf6 40. Rcf5+ 1-0

[Event "Polanica Zdroj op Seniors 45th"]
[Site "Polanica Zdroj"]
[Date "2009.08.18"]
[Round "1"]
[White "Szydlowski, Wiktor"]
[Black "Gralka, Julian"]
[Result "0-1"]
[WhiteElo "1859"]
[BlackElo "2279"]
[PlyCount "68"]
[EventDate "2009.08.18"]
[EventType "swiss"]
[EventRounds "9"]
[EventCountry "POL"]
[SourceTitle "EXT 2012"]
[Source "ChessBase"]
[SourceDate "2011.11.24"]
[SourceVersion "1"]
[SourceVersionDate "2011.11.24"]
[SourceQuality "1"]

1. e4 c5 2. Nf3 d6 3. g3 Nf6 4. Nc3 Nc6 5. Bg2 g6 6. 0-0 Bg7 7. d3 0-0 8. h3 Ne8 9. Rb1 Nc7 10. Nh2 Ne6 11. Nd5 Rb8 12. Ng4 Bd7 13. f4 f5 14. exf5 gxf5 15. Nge3 Nc7 16. c3 Nxd5 17. Nxd5 b5 18. Re1 e6 19. Ne3 b4 20. Bd2 Qc7 21. Kh2 a5 22. Nc2 Kh8 23. cxb4 axb4 24. Ne3 Ra8 25. Bxc6 Qxc6 26. Qb3 Qf3 27. Qd1 Qxd1 28. Rbxd1 Rxa2 29. Nc4 Bxb2 30. Nxb2 Rxb2 31. Kg1 Ra8 32. Kf2 Raa2 33. Ke3 d5 34. d4 cxd4+ 0-1